000 00615nam a2200217Ia 4500
001 3163
003 GE_BSU
008 181216s||||||||xx |||||||||||||| ||und||
040 _cGE_BSU
080 _a514.12
100 _aИльин,В.А. Позняк,Э.Г.
245 _aАналитическая геометрия.
245 _cРед.С.А.Широкова.
250 _aИзд. третье, стереотипное.
260 _aМ.
260 _bНаука.
260 _c1981.
300 _a232 стр.с илл.21см.
653 _aАналитическая геометрия.
942 _cBK
999 _c37206
_d37206